00918cam a22002294a 4500020002200000040001000022082002600032245009000058260005800148300003300206490003200239500016800271650001600439650003600455650004300491650002700534650002000561700001700581700002500598700002000623710004500643 a2856291600 (pbk.) cAUXAM a574 SOC 2004 A084 Or.00aActes des journées mathématiques à la mémoire de Jean Leray :bNantes, 2002 / aParis :bSociété mathématique de France,c2004. axv, 207 p. :bill. ;c24 cm.1 aSéminaires et congrès ; a"On the 17th and 18th of June 2002 the Laboratory of Mathematics of Nantes University ... has organised a meeting to celebrate the memory of Jean Leray"--Abstract. 0aMathematics 0aDifferential equations, Partial 0aFunctions of several complex variables 0aGeometry, Differential 0aFluid mechanics1 aLeray, Jean,1 aGuillopé, Laurent.1 aRobert, Didier.2 aLaboratoire de mathematiques Jean Leray.